History Quiz

Random History or Clickable Quiz

'A'merican History Figures Quiz Stats

 Plays Quiz Updated Oct 6, 2015

Challenge
Share
Tweet
Embed
Score 0/20 Timer 04:00
0 Plays Today
% Correct
John Adams
90.2%
Susan B. Anthony
88.8%
Buzz Aldrin
87.8%
Muhammad Ali
86.5%
Neil Armstrong
85.4%
Chester A. Arthur
84.5%
John Quincy Adams
83.4%
Spiro Agnew
83.3%
Benedict Arnold
81.5%
Arthur Ashe
79.9%
% Correct
Stephen F. Austin
79.1%
Maya Angelou
78.1%
Madeleine Albright
75.1%
Crispus Attucks
69.5%
John Jacob Astor
69.3%
Samuel Alito
68%
Ethan Allen
64%
Dean Acheson
51.2%
Aldrich Ames
50.5%
Edmund Andros
33.9%

You're not logged in!

Compare scores with friends on all Sporcle quizzes.
OR
Log In

You Might Also Like...

Show Comments

Extras

Top Quizzes Today


Score Distribution

Your Account Isn't Verified!

In order to create a playlist on Sporcle, you need to verify the email address you used during registration. Go to your Sporcle Settings to finish the process.

Report this User

Report this user for behavior that violates our Community Guidelines.

Details: